000 00689nam1a22002051i 4500
001 rc\4933637
005 20240724143250.0
035 _a(NLR Aleph) 008847635
090 _a8380799
_c8380799
100 _a20130426d1961 |||y0rusy50 ca
101 0 _arus
102 _aRU
105 _a z |||||
200 1 _aРуководство к лабораторным работам по курсу "Радиоприемные устройства"
_e[В 3 ч.]
_eЧ. 1-3
_fВоен. краснознам. акад. связи
210 _aЛенинград
_cБ. и.
_d1961
215 _a3 т.
_d22
801 0 _aRU
_bNLR
_gpsbo
801 1 _aRU
_bELAR
_2rusmarc
852 _aNLR
_j61-6/4914
942 _cBOOK